000 00334nam a2200121Ia 4500
008 240731s9999 xx 000 0 und d
022 _a2051-6150
245 0 _aCHINOPERL : Journal of Chinese Oral and Performing Literature
260 _bRoutledge
856 _uhttps://www.tandfonline.com/loi/ychi20
942 _2ddc
942 _cTFEJ
999 _c75730
_d75730
945 _a1
_bMadushi Gamage
_c1
_dMadushi Gamage